| 000 | 00000nam##2200000za#4500 |
| 001 | 9.630383 |
| 003 | CaOODSP |
| 005 | 20210624213820 |
| 007 | cr ||||||||||| |
| 008 | 150407|2000||||xxc|||||o f|0| 0 fre|d |
| 020 | |a0-662-84931-0 |
| 040 | |aCaOODSP|bfre |
| 043 | |an-cn--- |
| 086 | 1 |aFo42-312/2000F-PDF |
| 110 | 1 |aCanada.|bRessources naturelles Canada. |bService canadien des forêts. |
| 245 | 13|aLa comptabilité du bilan du carbone au niveau de l'unité d'aménagement forestier : |h[ressource électronique]|baperçu des enjeux et des méthodes / |cPublié par le Programme de forêts modèles du Canada. |
| 260 | |aOttawa - Ontario : |bRessources naturelles Canada. |cJuly 2000. |
| 300 | |a27p.|bfigure, graphique, références, tableau |
| 520 | 3 |aLe présent rapport se concentre sur la façon d'utiliser les inventaires existants pour rendre compte des stocks et des flux de carbone. Le recours à des mesures directes et à la télédétection pourrait jouer un rôle important dans le bilan du carbone, même si ce rapport n'en traite pas, car pour l'instant, leur application fructueuse à l'estimation du bilan du carbone dépend encore de solides estimations de base tirées des évaluations du bilan du carbone reposant sur les inventaires.--Résumé |
| 590 | |a12-17-Supp|b2012-04-20 |
| 691 | 07|aClimat|2gcpds |
| 691 | 07|aEffet de serre|2gcpds |
| 691 | 07|aForêt modèle|2gcpds |
| 691 | 07|aGestion forestière|2gcpds |
| 775 | 08|tCarbon budget accounting at the forest management unit level : |w(CaOODSP)9.685797 |
| 776 | 0#|tLa comptabilité du bilan du carbone au niveau de l'unité d'aménagement forestier : |w(CaOODSP)9.681209 |
| 856 | 40|ahttp://publications.gc.ca|qPDF|s520 Ko|uhttps://publications.gc.ca/collections/Collection/Fo42-312-2000F.pdf |